New All India directory of trade, commerce and industries (Record no. 29615)
[ view plain ]
| 000 -LEADER | |
|---|---|
| fixed length control field | 00279nam a2200097Ia 4500 |
| 082 ## - DEWEY DECIMAL CLASSIFICATION NUMBER | |
| Classification number | 38(058.7) |
| Item number | NEW |
| 245 #0 - TITLE STATEMENT | |
| Title | New All India directory of trade, commerce and industries |
| 260 ## - PUBLICATION, DISTRIBUTION, ETC. (IMPRINT) | |
| Place of publication | Delhi |
| Name of publisher | Delhi Publication |
| Year of publication | 1979 |
| 942 ## - ADDED ENTRY ELEMENTS (KOHA) | |
| Koha item type | Books |
| Withdrawn status | Lost status | Damaged status | Not for loan | Home library | Current library | Date acquired | Source of acquisition | Full call number | Accession Number | Koha item type |
|---|---|---|---|---|---|---|---|---|---|---|
| RRII Library | RRII Library | 16/12/2021 | Auction | 38(058.7) NEW | 10198 | Books |